Рассказы : (Record no. 425545)
[ view plain ]
| 000 -LEADER | |
|---|---|
| fixed length control field | 00662nam a2200193 a 4500 |
| 003 - CONTROL NUMBER IDENTIFIER | |
| control field | AM-YeHGA |
| 040 ## - CATALOGING SOURCE | |
| Original cataloging agency | AM-YeHGA |
| 090 ## - LOCALLY ASSIGNED LC-TYPE CALL NUMBER (OCLC); LOCAL CALL NUMBER (RLIN) | |
| -- | 428013 |
| 005 - DATE AND TIME OF LATEST TRANSACTION | |
| control field | 20250617155058.0 |
| 008 - FIXED-LENGTH DATA ELEMENTS--GENERAL INFORMATION | |
| fixed length control field | 181105s1953 ru a||||r|||||000|1|rus|| |
| 041 1# - LANGUAGE CODE | |
| Language code of text/sound track or separate title | rus |
| Language code of original | chi |
| 100 0# - MAIN ENTRY--PERSONAL NAME | |
| Personal name | Лу Синь, |
| Dates associated with a name | 1881-1936 |
| 245 10 - TITLE STATEMENT | |
| Title | Рассказы : |
| Remainder of title | [Пер. с китайского] / |
| Statement of responsibility, etc. | Лу Синь. |
| 260 ## - PUBLICATION, DISTRIBUTION, ETC. | |
| Place of publication, distribution, etc. | [Благовещенск] : |
| Name of publisher, distributor, etc. | Амурское обл. изд-во, |
| Date of publication, distribution, etc. | 1953. |
| 300 ## - PHYSICAL DESCRIPTION | |
| Extent | 76 с. : |
| Dimensions | 20 см. |
| 650 14 - SUBJECT ADDED ENTRY--TOPICAL TERM | |
| Topical term or geographic name entry element | Художественная литература |
| Geographic subdivision | Китай |
| 650 14 - SUBJECT ADDED ENTRY--TOPICAL TERM | |
| Topical term or geographic name entry element | Китайская литература |
| General subdivision | Проза |
| 942 ## - ADDED ENTRY ELEMENTS (KOHA) | |
| Source of classification or shelving scheme | Universal Decimal Classification |
| Koha item type | Գրքեր / Books |
| Withdrawn status | Lost status | Source of classification or shelving scheme | Damaged status | Not for loan | Collection | Home library | Current library | Date acquired | Total checkouts | Full call number | Barcode | Date last seen | Price effective from | Koha item type | Public note |
|---|---|---|---|---|---|---|---|---|---|---|---|---|---|---|---|
| Universal Decimal Classification | General | Fundamental Scientific Library | Fundamental Scientific Library | 15/02/2019 | РД II/41518 | FL0552686 | 15/02/2019 | 15/02/2019 | Գրքեր / Books | 30 Days Load | |||||
| Universal Decimal Classification | General | Fundamental Scientific Library | Fundamental Scientific Library | 15/02/2019 | РД II/41519 | FL0552687 | 15/02/2019 | 15/02/2019 | Գրքեր / Books | 30 Days Load | |||||
| Universal Decimal Classification | General | Fundamental Scientific Library | Fundamental Scientific Library | 15/02/2019 | РД II/41520 | FL0552688 | 15/02/2019 | 15/02/2019 | Գրքեր / Books | 30 Days Load |
ՀՀ Գիտությունների ազգային ակադեմիայի հիմնարար գիտական գրադարան = Fundamental Scientific Library of NAS RA
All site content, except where otherwise noted, is licensed under a